Cơ học lượng tử

Wedi'i Gadw mewn:
Manylion Llyfryddiaeth
Prif Awdur: Nguyễn, Xuân Hãn
Awduron Eraill: Nguyễn Xuân Hãn (Tác giả)
Fformat: Llyfr
Iaith:Vietnamese
Cyhoeddwyd: H. Đại học Quốc gia Hà Nội 1998
Pynciau:
Tagiau: Ychwanegu Tag
Dim Tagiau, Byddwch y cyntaf i dagio'r cofnod hwn!
Thư viện lưu trữ: Mạng thư viện Đại học Đà Nẵng
LEADER 01050nam a2200325 4500
001 000013215
003 9554
005 20120312100333.0
008 120312s1998 viesd
020 |c 27500đ 
041 0 |a vie 
082 |a 530.12071  |b NG-H 
100 0 |a Nguyễn, Xuân Hãn 
245 0 |a Cơ học lượng tử  |c Nguyễn, Xuân Hãn 
260 |a H.  |b Đại học Quốc gia Hà Nội  |c 1998 
300 |a 363 tr.  |c 21cm 
653 |a Cơ học lượng tử 
653 |a Giáo trình 
700 |a Nguyễn Xuân Hãn  |e Tác giả 
910 |a Nguễn Thị Lê Na 
OWN |a LSP 
AVA |a UDN50  |b LSP  |d 530.12071 NG-H  |e check_holdings  |t Error 5003 Not defined in file expand_doc_bib_avail.  |h N  |k 1 
999 |a From the UDN01 
AVA |a UDN50  |b LSP  |d 530.12071 NG-H  |e available  |t Error 5001 Not defined in file expand_doc_bib_avail.  |f 46  |g 1  |h N  |i 24  |k 1 
TYP |a Monograph 
TYP |a Printed language 
980 |a Mạng thư viện Đại học Đà Nẵng